000 00730nam a2200289Ia 4500
005 20260324121620.0
008 008 260324s9999 xx 000 0 eng d
020 _a9780429255984
037 _aEBOOK
040 _aCRL
040 _beng
040 _cCRL
041 _2eng
041 _aeng
084 _qCRL
100 _aPeter Fuseini Haruna; Shikha Vyas-Doorgapersad
_91163197
245 0 _aPublic Administration Training in Africa
245 0 _bCompetencies in Development Management
260 _bTaylor and Francis
260 _c2014
365 _a
365 _b230
856 _uhttp://www.taylorfrancis.com/books/9780429255984
942 _cEBOOK
999 _c1755428
_d1755428